Statistics for Musical Theatre characters

Click here to take the quiz!

General Stats

  • This quiz has been taken 1,385 times
  • The average score is 12 of 24

Answer Stats

HintAnswer% Correct
CosetteLes Miserables
96%
RizzoGrease
88%
RafikiThe Lion King
88%
Mr MistoffeleesCats
75%
FiyeroWicked
75%
Elder PriceBook of Mormon
72%
Corny CollinsHairspray
71%
The Baker's WifeInto the Woods
70%
Miss HoneyMatilda
67%
Raoul, Vicomte de ChagnyPhantom of the Opera
61%
Tony ElliotBilly Elliot
58%
Mimi MarquezRent
56%
King HerodJesus Christ Superstar
53%
Bill SykesOliver!
53%
Mr. MushnikLittle Shop of Horrors
42%
Jud FryOklahoma!
42%
ScaramoucheWe Will Rock You
33%
Reno SweeneyAnything Goes
31%
Moritz StiefelSpring Awakening
28%
Diana GoodmanNext to Normal
16%
Rosemary PilkingtonHow to Succeed in Business Without Really Trying
15%
St. JimmyAmerican Idiot
14%
Joe GillisSunset Boulevard
11%
Rachel MarronThe Bodyguard
9%

Score Distribution

Percentile by Number Answered

Percent of People with Each Score

Your Score History

You have not taken this quiz